Diccionario de Biología / (Registro nro. 15366)

Detalles MARC
000 -LEADER
fixed length control field 00895nam a22002297a 4500
003 - CONTROL NUMBER IDENTIFIER
control field OSt
005 - DATE AND TIME OF LATEST TRANSACTION
control field 20210312215716.0
008 - FIXED-LENGTH DATA ELEMENTS--GENERAL INFORMATION
fixed length control field 210312s2000 ck a|||gr|||| 00| 0 spa d
020 ## - INTERNATIONAL STANDARD BOOK NUMBER
International Standard Book Number 9789584500472
040 ## - CATALOGING SOURCE
Original cataloging agency CO-JMCR
Transcribing agency CO-JMCR
041 0# - LANGUAGE CODE
Language code of text/sound track or separate title spa
082 04 - DEWEY DECIMAL CLASSIFICATION NUMBER
Classification number R / 570.3 /
Item number D133d
Edition number 23
100 1# - MAIN ENTRY--PERSONAL NAME
Personal name Daintith, John,
Relator term director
9 (RLIN) 36054
245 10 - TITLE STATEMENT
Title Diccionario de Biología /
Statement of responsibility, etc. Director de la colección, John Daintith ; directora Elizabeth Tootill
260 ## - PUBLICATION, DISTRIBUTION, ETC.
Place of publication, distribution, etc. Bogotá :
Name of publisher, distributor, etc. Norma,
Date of publication, distribution, etc. 2000
300 ## - PHYSICAL DESCRIPTION
Extent 342 páginas ;
Dimensions 20 cm.
490 0# - SERIES STATEMENT
Series statement Llave de la ciencia
520 3# - SUMMARY, ETC.
Summary, etc. El diccionario de Biología de la colección "Llave de la ciencia" responde a las consultas y dudas en el estudio de esta área del conocimiento, a nivel escolar, universitario y profesional.<br/>
650 14 - SUBJECT ADDED ENTRY--TOPICAL TERM
Topical term or geographic name entry element Biología
Form subdivision Diccionarios
9 (RLIN) 36055
700 1# - ADDED ENTRY--PERSONAL NAME
Personal name Tootill, Elizabeth,
Relator term directora
9 (RLIN) 36056
942 ## - ADDED ENTRY ELEMENTS (KOHA)
Source of classification or shelving scheme Dewey Decimal Classification
Koha item type Books
Existencias
Withdrawn status Lost status Source of classification or shelving scheme Damaged status Not for loan Collection code Home library Current library Date acquired Source of acquisition Total Checkouts Full call number Barcode Date last seen Copy number Price effective from Koha item type
    Dewey Decimal Classification     Non-fiction Biblioteca Pública José María del Castillo y Rada Biblioteca Pública José María del Castillo y Rada 10/02/2020 Donación   R / 570.3 / D133d 201810766 03/12/2021 Ej.1 03/12/2021 Books